<?xml version="1.0" encoding="UTF-8"?>
<record
    xmlns:xsi="http://www.w3.org/2001/XMLSchema-instance"
    xsi:schemaLocation="http://www.loc.gov/MARC21/slim http://www.loc.gov/standards/marcxml/schema/MARC21slim.xsd"
    xmlns="http://www.loc.gov/MARC21/slim">

  <leader>01821nam a22002417a 4500</leader>
  <controlfield tag="005">20220307144416.0</controlfield>
  <controlfield tag="008">220307b           ||||| |||| 00| 0 eng d</controlfield>
  <datafield tag="040" ind1=" " ind2=" ">
    <subfield code="c">Aloy</subfield>
  </datafield>
  <datafield tag="041" ind1=" " ind2=" ">
    <subfield code="a">kan</subfield>
  </datafield>
  <datafield tag="082" ind1=" " ind2=" ">
    <subfield code="2">23</subfield>
    <subfield code="a">320.02K</subfield>
    <subfield code="b">GANS</subfield>
  </datafield>
  <datafield tag="100" ind1=" " ind2=" ">
    <subfield code="a">Gangadhara P S: &#xC97;&#xC82;&#xC97;&#xCBE;&#xCA7;&#xCB0; &#xCAA;&#xCBF; &#xC8E;&#xCB8;&#xCCD; </subfield>
    <subfield code="9">23005</subfield>
  </datafield>
  <datafield tag="245" ind1=" " ind2=" ">
    <subfield code="a">Samagra Rajyashastra: &#xCB8;&#xCAE;&#xC97;&#xCCD;&#xCB0; &#xCB0;&#xCBE;&#xC9C;&#xCCD;&#xCAF;&#xCB6;&#xCBE;&#xCB8;&#xCCD;&#xCA4;&#xCCD;&#xCB0; :</subfield>
    <subfield code="b">KSET, SLET, NET</subfield>
  </datafield>
  <datafield tag="260" ind1=" " ind2=" ">
    <subfield code="a">Maisuru</subfield>
    <subfield code="b">Maisuru Book House</subfield>
    <subfield code="c">2021</subfield>
  </datafield>
  <datafield tag="300" ind1=" " ind2=" ">
    <subfield code="a">xii,1060p.</subfield>
    <subfield code="b">PB</subfield>
    <subfield code="c">24x17 cm.</subfield>
  </datafield>
  <datafield tag="365" ind1=" " ind2=" ">
    <subfield code="2">Political Science</subfield>
    <subfield code="a">6190</subfield>
    <subfield code="b">792.00</subfield>
    <subfield code="c">&#x20B9;</subfield>
    <subfield code="d">990.00</subfield>
    <subfield code="e">20%</subfield>
    <subfield code="f">01-03-2022</subfield>
  </datafield>
  <datafield tag="520" ind1=" " ind2=" ">
    <subfield code="a">&#xCB8;&#xCB0;&#xCCD;&#xC95;&#xCBE;&#xCB0;&#xCC0; &#xCAA;&#xCCD;&#xCB0;&#xCA5;&#xCAE; &#xCA6;&#xCB0;&#xCCD;&#xC9C;&#xCC6; &#xC95;&#xCBE;&#xCB2;&#xCC7;&#xC9C;&#xCC1;&#xC97;&#xCB3; &#xCB8;&#xCB9;&#xCBE;&#xCAF;&#xC95; &#xCAA;&#xCCD;&#xCB0;&#xCBE;&#xCA7;&#xCCD;&#xCAF;&#xCBE;&#xCAA;&#xC95;&#xCB0; &#xCA8;&#xCC7;&#xCAE;&#xC95;&#xCBE;&#xCA4;&#xCBF; &#xCAA;&#xCB0;&#xCC0;&#xC95;&#xCCD;&#xCB7;&#xCBE; &#xCB8;&#xCBF;&#xCA6;&#xCCD;&#xCA7;&#xCA4;&#xCC6;&#xC97;&#xCBE;&#xC97;&#xCBF; &#xCB0;&#xC9A;&#xCBF;&#xCB8;&#xCB2;&#xCBE;&#xCA6; &#xC95;&#xCC3;&#xCA4;&#xCBF;. &#xCB8;&#xCB0;&#xCCD;&#xC95;&#xCBE;&#xCB0;&#xCBF;  &#xCAA;&#xCA6;&#xCB5;&#xCBF;&#xCAA;&#xCC2;&#xCB0;&#xCCD;&#xCB5; &#xC95;&#xCBE;&#xCB2;&#xCC7;&#xC9C;&#xCC1;&#xC97;&#xCB3; &#xC89;&#xCAA;&#xCA8;&#xCCD;&#xCAF;&#xCBE;&#xCB8;&#xC95;&#xCB0; &#xCA8;&#xCC7;&#xCAE;&#xC95;&#xCBE;&#xCA4;&#xCBF; &#xCAA;&#xCB0;&#xCC0;&#xC95;&#xCCD;&#xCB7;&#xCC6;, &#xC95;&#xCC6; .&#xC8E; .&#xC8E;&#xCB8;&#xCCD;  &#xCAE;&#xCA4;&#xCCD;&#xCA4;&#xCC1;  &#xC8E;&#xC82; .&#xC8E;  &#xCAA;&#xCB0;&#xCC0;&#xC95;&#xCCD;&#xCB7;&#xCC6;&#xC97;&#xCB3; &#xCB8;&#xCBF;&#xCA6;&#xCCD;&#xCA7;&#xCA4;&#xCC6;&#xC97;&#xCC6; &#xC89;&#xCAA;&#xCAF;&#xCC1;&#xC95;&#xCCD;&#xCA4;. 2011-2020 &#xCB0;&#xCB5;&#xCB0;&#xCC6;&#xC97;&#xCBF;&#xCA8; &#xC95;&#xCC6;&#xCB8;&#xCC6;&#xC9F;&#xCCD; &#xCB8;&#xCCD;&#xCB2;&#xCC6;&#xC9F;&#xCCD;  &#xCAA;&#xCCD;&#xCB0;&#xCB6;&#xCCD;&#xCA8;&#xCC6;&#xCAA;&#xCA4;&#xCCD;&#xCB0;&#xCBF;&#xC95;&#xCC6;&#xC97;&#xCB3;&#xCA8;&#xCCD;&#xCA8;&#xCC1; &#xC92;&#xCB3;&#xC97;&#xCCA;&#xC82;&#xCA1;&#xCBF;&#xCA6;&#xCC6; </subfield>
  </datafield>
  <datafield tag="650" ind1=" " ind2=" ">
    <subfield code="a">UGC  KSET SLET NET  Examaination: &#xCAF;&#xCC1; &#xC9C;&#xCBF; &#xCB8;&#xCBF; &#xC95;&#xCC6;&#xCB8;&#xCC6;&#xC9F;&#xCCD;  &#xCB8;&#xCCD;&#xCB2;&#xCC6;&#xC9F;&#xCCD;  &#xCA8;&#xCC6;&#xC9F;&#xCCD;  &#xCAA;&#xCB0;&#xCC0;&#xC95;&#xCCD;&#xCB7;&#xCC6; </subfield>
    <subfield code="9">22942</subfield>
  </datafield>
  <datafield tag="650" ind1=" " ind2=" ">
    <subfield code="a">Sarvajanika Adalita:  &#xCB8;&#xCBE;&#xCB0;&#xCCD;&#xCB5;&#xC9C;&#xCA8;&#xCBF;&#xC95; &#xC86;&#xCA1;&#xCB3;&#xCBF;&#xCA4; </subfield>
    <subfield code="9">22943</subfield>
  </datafield>
  <datafield tag="650" ind1=" " ind2=" ">
    <subfield code="a">Antara Rashtriya Sambandhagalu: &#xC85;&#xC82;&#xCA4;&#xCB0; &#xCB0;&#xCBE;&#xCB7;&#xCCD;&#xC9F;&#xCC0;&#xCAF; &#xCB8;&#xC82;&#xCAC;&#xC82;&#xCA7;&#xC97;&#xCB3;&#xCC1;</subfield>
    <subfield code="9">22944</subfield>
  </datafield>
  <datafield tag="650" ind1=" " ind2=" ">
    <subfield code="a">Rajakiya Siddhanta: &#xCB0;&#xCBE;&#xC9C;&#xC95;&#xCC0;&#xCAF; &#xCB8;&#xCBF;&#xCA6;&#xCCD;&#xCA7;&#xCBE;&#xC82;&#xCA4; </subfield>
    <subfield code="9">22945</subfield>
  </datafield>
  <datafield tag="700" ind1=" " ind2=" ">
    <subfield code="a">GANGADHARA P S: &#xC97;&#xC82;&#xC97;&#xCBE;&#xCA7;&#xCB0; (&#xCAA;&#xCBF; &#xC8E;&#xCB8;&#xCCD;)</subfield>
    <subfield code="9">22946</subfield>
  </datafield>
  <datafield tag="942" ind1=" " ind2=" ">
    <subfield code="2">ddc</subfield>
    <subfield code="c">BK</subfield>
  </datafield>
  <datafield tag="999" ind1=" " ind2=" ">
    <subfield code="c">221742</subfield>
    <subfield code="d">221742</subfield>
  </datafield>
  <datafield tag="952" ind1=" " ind2=" ">
    <subfield code="0">0</subfield>
    <subfield code="1">0</subfield>
    <subfield code="2">ddc</subfield>
    <subfield code="4">0</subfield>
    <subfield code="7">0</subfield>
    <subfield code="8">PS</subfield>
    <subfield code="a">AL</subfield>
    <subfield code="b">AL</subfield>
    <subfield code="c">SK</subfield>
    <subfield code="d">2022-03-02</subfield>
    <subfield code="e">Biblios Book Point, Surathkal, Mangaluru-575014</subfield>
    <subfield code="g">792.00</subfield>
    <subfield code="l">3</subfield>
    <subfield code="o">320.02K GANS</subfield>
    <subfield code="p">075567</subfield>
    <subfield code="r">2023-08-17 00:00:00</subfield>
    <subfield code="s">2023-08-16</subfield>
    <subfield code="v">990.00</subfield>
    <subfield code="w">2022-03-01</subfield>
    <subfield code="y">BK</subfield>
  </datafield>
</record>
